| 000 | 00927cam a2200289 a 4500 | ||
|---|---|---|---|
| 008 | |||
| 020 | _a0683062255 (pbk.) | ||
| 049 | 1 | 0 | _aMAIN |
| 090 |
_aQM553 _bHEN |
||
| 100 | 1 | _aHenrikson, Ray C. | |
| 245 | 1 | 0 |
_aHistology / _cRay C. Henrikson, Gordon I. Kaye, Joseph E. Mazurkiewicz. |
| 260 |
_aBaltimore : _bWilliams & Wilkins, _cc1997. |
||
| 300 |
_axv, 512 p. : _bill. ; _c26 cm. |
||
| 440 | 4 | _aThe National medical series for independent study | |
| 500 | _aIncludes index. | ||
| 650 | 0 |
_aHistology _xOutlines, syllabi, etc. |
|
| 650 | 0 |
_aHistology _xExaminations, questions, etc. |
|
| 650 | 1 | 2 |
_aHistology _xoutlines. |
| 650 | 1 | 2 |
_aHistology _xexamination questions. |
| 700 | 1 | _aKaye, Gordon I. | |
| 700 | 1 | _aMazurkiewicz, Joseph E. | |
| 907 |
_a.b10343209 _b10-06-14 _c10-06-14 |
||
| 003 | |||
| 005 | 20230123122054.0 | ||
| 040 | _cNUST | ||
| 942 |
_cBOOKS _kQM553 _mHEN |
||
| 999 |
_c127316 _d127316 |
||